000 01665nam a2200373 c 4500
003 BLK
005 20180421000351.0
008 180411b bul|||||r ||||||| ||bul||
010 _aKNG00194959000
020 _a978-954-28-2123-6
_bиздат.: Сиела Норма
040 _aBLK
041 _aBUL
_cBUL
072 7 _2bullib
_aН34
_xПраво Н
080 _aФинансово право. Търговско дело. Митническо право. Данъчно право. Инвестиционни фондове. Борси, търговски посредници, банково дело, кредит, закупуване и др.
_b347.73
_x
_z347.73
100 1 _aМаданска, Нели Димитрова
_eпърви автор
_9299018
139 _aМаданска, Нели Димитрова
_bМ 14
245 1 0 _aСиндикът в производството по несъстоятелност по Търговския закон
_cНели Димитрова Маданска.
257 _aBGR
260 София
_bСиела Норма
_c2016
_fСофия : Алианс принт
300 _a360 с.
_c21 см
380 _a3
500 _aБиблиогр. с. 351-359.
650 4 _aНесъстоятелност
_9164240
650 4 _aТърговско право
_9248222
653 _aнесъстоятелност
653 _aтърговско право
653 _aсиндици
659 _aН
852 _aЦб 282972
856 4 _qpdf
_u
856 4 _qpdf
_u
942 _cKNG
_n0
944 _aCR
_c02.11.2016
_lф /
_kВиолета_Тройчева
944 _aED
_c10.11.2016
_lф /
_kЛюдмила_Стоянова
999 _c185965
_d185965